000 00407nam a2200157Ia 4500
003 GCL
008 140319s9999 xx 000 0 eng d
040 _aGCL /
_cGCL
082 0 4 _a780.3
_bP D
100 1 _aPERNON, GERARD
245 1 0 _aDICTIONNAIRE DE LA MUSIQUE /
_cPERNON, GERARD
260 _a[S.N] :
_bLE LIVRE DE POCHE ،
_c1984
300 _a480 P
650 0 4 _aMUSIC - DICTIONARY
942 _2ddc
_cBK
999 _c11071
_d11071